Murray Newton Rothbard

Život a dielo významného amerického ekonóma M. N. Rothbarda. Bol pokračovateľom ekonomického učenia Ludwiga von Misesa, stúpencom a zástancom Mosesovej praxeológie. V duchu tradícií rakúskej ekonomickej školy uplatňoval princípy metodologického individualizmu a subjektivizmu. Vo vedeckých prácach sa...

Description complète

Enregistré dans:
Détails bibliographiques
Auteur principal: Lisý, Ján
Format: Chapitre de livre
Langue:slovaque
Sujets:
Tags: Ajouter un tag
Pas de tags, Soyez le premier à ajouter un tag!

MARC

LEADER 00000naa$a2200000$$$4500
001 0008371
005 20240502071353.2
041 0 |a slo 
044 |a SK 
245 1 0 |a Murray Newton Rothbard  |c aut. Ján Lisý 
520 |a Život a dielo významného amerického ekonóma M. N. Rothbarda. Bol pokračovateľom ekonomického učenia Ludwiga von Misesa, stúpencom a zástancom Mosesovej praxeológie. V duchu tradícií rakúskej ekonomickej školy uplatňoval princípy metodologického individualizmu a subjektivizmu. Vo vedeckých prácach sa venoval týmto oblastiam: Slobodný trh a hegemonistický systém. Teória peňazí. Príčiny cyklického vývoja ekonomiky. 
610 2 0 |a Rothbard, M.N. 
610 2 0 |a Rakúska škola 
610 2 0 |a ekonómovia 
610 2 0 |a životopisy 
610 2 0 |a teória peňažná 
610 2 0 |a cykly hospodárske 
100 1 |a Lisý, Ján